03743nam a22004337a 450000500170000000800410001705000210005824500390007924601030011824601110022124601180033224601130045024601160056324601160067924601170079524601640091224601310107624601140120724601440132124602500146524601360171524601550185124601370200624601870214324601820233024601470251224601310265925000110279026000780280130000210287961100640290061100320296461100350299665000470303171000690307894200130314799900190316095201300317920151103113904.0151103b xxu||||| |||| 00| 0 eng d04aPN4729bB37 199700aBasic texts 89-97 in communication33aNew Communication Strategy :badopted bythe General Conference : at its twenty-fifth session -198933aDeclaration of Windhoek :b3 May 1991 Endorsed by the General Conference at its twenty-sixth session -199133aDeclaration of Alma Ata : b9 october 1992 Endorsed by the General Conference at its twenty-eighth session - 199533aDeclaration of Santiago :b6 May 1994 Endorsed by the General Conference at its twenty-eighth session - 199533aDeclaration of Sana´a :b11 January 1996 Endorsed by the General Conference at its twenty-ninth session - 199733aDeclaration of Sofia :b13 September 1997 Endorsed by the General Conference at its twenty-ninth session - 199733aToronto Platform for Action :b3 March 1995 Adopted by the General Conference at its twenty-eigth session - 199533aCommunication in the Service of Humanity :bMedium-Term Plan for 1990-1995, Resolution 104 adopted by the General Conference at its twenty-fifth session - 198933aPromotion of Press Freedom in the World :bResolution 4.3 adopted by the General conference at its twenty-sixth session - 199133aWomen and The Media : bResolution 4.3 adopted by the General Conference at its twenty-seventh session - 199333aRole and Functions of Public Service Broadcasting : bresolution 4.6 adopted by the General Conference at its twenty-seventh session - 199333aSupport to Cultural and Educational Activities Undertaken by Public Service Broadcasting, Media Professionals and Journalists to Reduce Violence in the Media : bResolution 4.5 adopted by the General Conference at its twenty-eigth session - 199533aPromotion of Independent and Pluralist Media :bResolution 4.6 adopted by the General Conference at its twenty-eigth session - 199533aToronto and Beijing Platforms for Action on Women and the Media :bResolution 4.7 adopted by the General Conference at its twenty-eigth session - 199533aNew Information and Communication Technologies :bResolution 15 adopted by the General Conference at its twenty-eigth session - 199533aPromoting the Free Flow on Information and the Development of Communication :bMedium Term Strategy for 1996-2001 adopted by the General Conference at its twenty-eigth session - 199533aContributing to Conflict Prevention and Post-Conflict Peace-Building :bMedium Term Strategy for 1996-2001 adopted by the General Conference at its twenty-eighth session - 199533aRegulations for the UNESCO/Guillermo Cano World Press Freedom Prize :bDecision 3.4.2 adopted by the Executive Board at its 151st session,199733aCommunication in the Service of Democracy :bResolution 47 adoptedby the General Conference at its twenty-ninth session - 1997 a1a ed. bUnited Nations Educational, Scientific and Cultural Organization,c[1997] a125 p. ;c22 cm.2 aDeclarations on Promoting Independent and Pluralistic Media2 aToronto Platform for Action2 aGeneral Conference Resolutions 4aComunicación en periodismovConferencias2 aUnited Nations Educational, Scientific and Cultural Organization 2lcccLIB c106811d106811 102lcc4070aPOS-042bPOS-042cCEVd2015-11-03f1a ed.iDkCSAoPN4729 B37 [1997]pBPD000002837r2015-11-03 00:00:00t1yLIB